000 01165nam a2200277 i 4500
001 bg
100 _aSchultz, Gerhard
_d(1924- ).
245 1 0 _aDie deutsche Literatur zwischen Französischer Revolution und Restauration.
_nTl. 2,
_pDas Zeitalter der Napoleonischen Kriege und der Reastauration 1806-1830 /
_cvon Gerhard Shultz.
260 _aMünchen :
_bVerlag C.H. Beck,
_c1989.
300 _aXIV, 912 s. ;
_c23 cm.
490 1 _aGeschichte der deutschen Literatur von den Anfängen bis zur Gegenwart / begr. von Helmut de Boor, Richard Newald ;
_vBd. 7/2
504 _aBibliogr. s. 823-883. Indeks.
650 _aLiteratura niemiecka
_xhistoria
_y18-19 w.
700 1 _aBoor, Helmut Anton Wilhelm de
_d(1891- ).
_eOprac.
700 1 _aNewald, Richard
_d(1894-1954).
_eOprac.
830 0 _aGeschichte der deutschen Literatur von den Anfängen bis zur Gegenwart ;
_vBd. 7/2
020 _a340609399X
040 _cBPK
041 0 _ager
044 _aDEU
080 _a821.112.2(091)"17/18"
920 _a3-406-09399-X
942 _cKS
008 s pl f |000 0 pol
999 _c54644
_d54644
856 _uhttp://koha.tu.koszalin.pl/cgi-bin/koha/opac-detail.pl?biblionumber=54644
_yKatalog online BPK